000
00268nam a2200109Ia 4500
008
200302s9999 xx 000 0 und d
100
_a
Roger Yee
245
_a
Corporate Interiors No5
260
_b
Visual Reference publications Inc.
260
_c
2003
300
_a
398 P.,
999
_c
1553
_d
1553